000 00526nam a2200181Ia 4500
005 20250326141832.0
008 250326s9999 xx 000 0 und d
037 _aTextbook
040 _aFMSL
_beng
_cFMSL
041 _aeng
_2eng
084 _aX:8k N9
_qFMSL
100 _aSharma S
_9124666
245 0 _aFicial accounting for management text and cases
_cSharma S; Vithal M P
260 _aNew Delhi
_bNew Delhi, Mac Millan India
_c1989
300 _a336p
942 _cTB
_hX:8k N9
999 _c1292202
_d1292202